000 nam a22 a 4500
999 _c345518
_d345518
003 BLK
005 20210714151356.0
008 180911b bul|||||r ||||||| ||bul||
040 _aBLK
041 _aBUL
_cBUL
080 _aБългарска литература
_b821.163.2
_x(081)
_z821.163.2(081)
080 _aБългарска литература
_b821.163.2
_x-1
_z821.163.2-1
100 _aЦерковски, Цанко
_eпърви автор
_9251791
139 _aЦерковски, Цанко
245 0 0 _aСъчинения
_bВ 3 т.
_cЦанко Бакалов Церковски ; Под ред. на Никола Атанасов
_nТ. 2
_pСтихотворения и поеми
260 _aСофия
_bДърж. изд.
_c1947
_9212233
300 _c18 см
380 _aX
490 _aЧастна колекция - Академик Михаил Арнаудов
_gДарение - Основен фонд
650 _aПоезия
_9166642
653 _aлирика
653 _aстихотворенияепос
653 _aразкази
655 _aбългарска литература
_9459914
700 _aАтанасов, Никола
_eред.
_91311
760 _h304 с., 1 л. : факс., 1 л. : портр.
_oТ. 2
_tСтихотворения и поеми
852 _aМА 221
_bМА
852 _aЦб 8.185.28911
_bЦб
942 _cKNG
_n0
_s1
944 _aCR
_c1995
_kValK
944 _aED
_c2021-07-14
_kГГГ